000 00678nam a2200217Ii 4500
003 JO-AjNU
008 230606s9999||||xx |||||||||||||| ||und||
020 _a978-1-492-07652-0
040 _aJO-AjNU
_beng
_erda
_cJO-AjNU
041 _aeng
050 1 4 _aQA76.774.A53 2022
100 3 _aGriffiths,Dawn, David Griffiths ,
_eauthor
_96444
245 0 0 _aHead first Android Development: A Learner,s Guide to Building Android Apps with Kotlion
250 _a3ed
264 3 1 _aTOKYO:OREILLY,2022
300 _a890p
336 _atext
_btxt
_2rdacontent
337 _aunmediated
_bn
_2rdamedia
338 _avolume
_bnc
_2rdacarrier
650 4 _aAndiroid-Electronic resource
_96445
999 _aE3343
_c3339
_d3339